000 00443nam a2200181Ia 4500
001 10659
005 20260306161848.0
008 260306t2010||||xx |||||||||||||| ||spa||
041 _aESP
082 _a943.043
_bB81
100 _aBraudel, Fernand
_eAUT
245 0 _aEl Mediterráneo y el mundo mediterráneo en la época de Felipe II
260 _c2010
300 _a
_c
650 _aGEN
654 _aCHU
942 _cLIB
_dJUS
_fJUS
_2ddc
_n
999 _c10659
_d10659